| 000 | 00552nam a2200193 4500 | ||
|---|---|---|---|
| 003 | DO-SdBNP | ||
| 005 | 20180220111850.0 | ||
| 008 | 161122b2000 sp||||| |||| 00| 0 spa d | ||
| 020 | _a8420458252 | ||
| 040 |
_aBPMSU _bspa _cBPMSU |
||
| 100 | _aHinojosa, Francisco | ||
| 245 | 1 |
_aAna ¿verdad? / _cFrancisco Hinojosa ; ilustraciones Juan Gedovius |
|
| 260 |
_aMadrid : _bAlfaguara , _c2000 |
||
| 300 |
_a18 p. : _bil. : _c29 cm |
||
| 700 |
_a Gedovius, Juan _eil. |
||
| 942 |
_2ddc _cBK |
||
| 945 | _aInventariado, 2018 / BT | ||
| 956 | _adgarcia | ||
| 999 |
_c12023 _d12023 |
||